Apt Anagrams of the Rich and Famous Quiz Stats

 Plays Quiz Updated Feb 18, 2019

Support Sporcle.
Go Orange.
Score 0/34 Timer 05:00
2 Plays Today
% Correct
Elvis
80.7%
Snooki
78.4%
Jimi Hendrix
77.9%
Lady Gaga
74.5%
Kim Kardashian
73.8%
Meat Loaf
72.8%
Spider Man
70.7%
Alec Guinness
70.1%
The Beatles
69.9%
Clint Eastwood
69.5%
David Letterman
69.1%
Britney Spears
68.7%
Genghis Khan
68.4%
Sigmund Freud
67.7%
Osama Bin Laden
66.6%
Marilyn Monroe
63.8%
Jennifer Aniston
62%
% Correct
Ashton Kutcher
62%
Patrick Stewart
61.9%
Oprah Winfrey
61.6%
Shakespeare
60.9%
Whitney Houston
60.7%
Tom Cruise
60.7%
Charlie Sheen
59.1%
Leonardo DiCaprio
59%
Bill Shatner
58.5%
Sharon Stone
57.2%
Princess Diana
56.1%
Gillian Anderson
55.6%
Donald Trump
55.1%
Charles Darwin
55%
Howard Stern
52.3%
Naomi Campbell
51.5%
Keith Richards
49.5%

You're not logged in!

Compare scores with friends on all Sporcle quizzes.
OR
Log In

From the Vault

European Soccer Teams 'B'

by Flick

Who can it 'B' now?
Remove Ads.
Support Sporcle.
Get the best of Sporcle when you Go Orange. This ad-free experience offers more features, more stats, and more fun while also helping to support Sporcle. Thank you for becoming a member.

Show Comments

Extras

Top Quizzes Today


Score Distribution

Your Account Isn't Verified!

In order to create a playlist on Sporcle, you need to verify the email address you used during registration. Go to your Sporcle Settings to finish the process.

Report this User

Report this user for behavior that violates our Community Guidelines.

Details: